[Event "DEM U10/U10w 2015"]
[Site "Willingen GER"]
[Date "2015.05.25"]
[Round "4"]
[White "Wagner, Leopold Franziskus"]
[Black "Evering, Sören"]
[Result "1-0"]
[Termination "normal"]
[Board "1"]
[WhiteElo "1803"]
[BlackElo "1712"]
[WhiteClock "00:16:29"]
[BlackClock "00:15:06"]
[PlyCount "101"]
[WhiteFideId "1641581"]
[BlackFideId "12974650"]
[EventCountry "GER"]
[EventRounds "11"]
[EventType "swiss"]
[EventDate "2015.05.23"]

1. d4 Nf6 2. c4 e6 3. Nc3 Bb4 4. Bd2 O-O 5. e3 c5 6. a3 Bxc3 7. bxc3 Nc6 8. Nf3
d5 9. cxd5 exd5 10. g3 Re8 11. Bg2 Bd7 12. O-O Rc8 13. Re1 Qe7 14. h4 b6 15.
Nh2 Na5 16. Nf3 Nc4 17. Qb3 Bg4 18. Bc1 Na5 19. Qa2 c4 20. Ne5 Bf5 21. a4 Qe6
22. Ba3 Ne4 23. Qb2 f6 24. Nf3 Bh3 25. Ra2 Nc6 26. Kh2 Bxg2 27. Kxg2 Ne7 28.
Bxe7 Rxe7 29. Nd2 Qf5 30. Nxe4 Rxe4 31. f3 Re7 32. Qc1 Rce8 33. Rae2 Qg6 34.
Qb2 Qh5 35. Qb5 Qf5 36. e4 Qe6 37. exd5 Qxe2+ 38. Rxe2 Rxe2+ 39. Kh3 R2e3 40.
d6 Rd8 41. Qxc4+ Kh8 42. Qc7 Ree8 43. d7 Rg8 44. Qxa7 f5 45. c4 g5 46. hxg5
Rxg5 47. Qc7 Rgg8 48. c5 bxc5 49. dxc5 Rdf8 50. Qe5+ Rg7 51. c6 1-0

[Event "DEM U10/U10w 2015"]
[Site "Willingen GER"]
[Date "2015.05.25"]
[Round "4"]
[White "Hommer, Jeremy"]
[Black "Krastev, Alexander"]
[Result "0-1"]
[Termination "normal"]
[Board "2"]
[WhiteElo "1570"]
[BlackElo "1940"]
[WhiteClock "00:49:18"]
[BlackClock "00:43:51"]
[PlyCount "86"]
[WhiteFideId "12992577"]
[BlackFideId "12989983"]
[EventCountry "GER"]
[EventRounds "11"]
[EventType "swiss"]
[EventDate "2015.05.23"]

1. Nf3 c5 2. e4 Nc6 3. d4 cxd4 4. c3 dxc3 5. Nxc3 g6 6. Bc4 Bg7 7. O-O Nf6 8.
Qe2 O-O 9. Rd1 a6 10. h3 b5 11. Bb3 Ne8 12. e5 Nc7 13. Bf4 Ne6 14. Bh2 Bb7 15.
Rd2 Bh6 16. Rd3 Nc5 17. Rd5 Nxb3 18. axb3 Na5 19. Rd3 Nxb3 20. Rad1 Nc1 21. Qc2
Nxd3 22. Qxd3 b4 23. Na4 Qa5 24. b3 Bc6 25. Nb2 Rfd8 26. Nc4 Qc5 27. Qc2 a5 28.
e6 dxe6 29. Rxd8+ Rxd8 30. Nfe5 Be4 31. Qe2 Qd5 32. Kh1 Bxg2+ 33. Kg1 Bxh3 34.
Ne3 Qxb3 35. f4 Qb1+ 36. Kf2 Qc1 37. Nd3 Qh1 38. Kg3 Bf5 39. Nf2 Bxf4+ 40. Kxf4
Qxh2+ 41. Kf3 Qh5+ 42. Nfg4 Bxg4+ 43. Nxg4 f5 0-1

[Event "DEM U10/U10w 2015"]
[Site "Willingen GER"]
[Date "2015.05.25"]
[Round "4"]
[White "Weihrauch, Jakob"]
[Black "Prieb, Robert"]
[Result "1-0"]
[Termination "normal"]
[Board "4"]
[WhiteElo "1594"]
[BlackElo "1426"]
[WhiteClock "01:07:07"]
[BlackClock "00:38:58"]
[PlyCount "95"]
[WhiteFideId "16210115"]
[BlackFideId "16212002"]
[EventCountry "GER"]
[EventRounds "11"]
[EventType "swiss"]
[EventDate "2015.05.23"]

1. e4 e5 2. Nf3 Nf6 3. Nxe5 d6 4. Nf3 Nxe4 5. Nc3 Nxc3 6. dxc3 Be7 7. Be3 Nc6
8. Qd2 Be6 9. O-O-O Qd7 10. Kb1 a6 11. Nd4 Nxd4 12. Bxd4 Rg8 13. Bd3 f5 14.
Rhe1 O-O-O 15. Qe2 c5 16. Qxe6 cxd4 17. Bxf5 Kc7 18. Qc4+ Qc6 19. Rxe7+ Kb8 20.
Qxc6 bxc6 21. Rxd4 Rge8 22. Rb4+ Ka8 23. Rxe8 Rxe8 24. Kc1 g6 25. Bd7 Rb8 26.
Bxc6+ Ka7 27. Rxb8 Kxb8 28. f4 Kc7 29. Bd5 Kd7 30. Kd2 Ke7 31. b4 Kd7 32. a4
Kc7 33. Bg8 h6 34. h4 Kd7 35. Bc4 Kc7 36. Bxa6 Kb6 37. g4 Kc7 38. f5 gxf5 39.
gxf5 Kd7 40. b5 Kc7 41. b6+ Kd7 42. b7 Kc7 43. f6 d5 44. f7 d4 45. f8=Q dxc3+
46. Kxc3 h5 47. b8=Q+ Kd7 48. Qbd6# 1-0

[Event "DEM U10/U10w 2015"]
[Site "Willingen GER"]
[Date "2015.05.25"]
[Round "4"]
[White "Colbow, Collin"]
[Black "Pubantz, Jan"]
[Result "1/2-1/2"]
[Termination "normal"]
[Board "5"]
[WhiteElo "1489"]
[BlackElo "1363"]
[WhiteClock "00:42:41"]
[BlackClock "00:18:52"]
[PlyCount "48"]
[WhiteFideId "16201132"]
[BlackFideId "12996114"]
[EventCountry "GER"]
[EventRounds "11"]
[EventType "swiss"]
[EventDate "2015.05.23"]

1. e4 c6 2. d4 d5 3. Nd2 dxe4 4. Nxe4 Bf5 5. Ng3 Bg6 6. Nh3 e6 7. Nf4 Bd6 8. h4
Qc7 9. Nxg6 hxg6 10. Ne4 Bf4 11. Qf3 Bxc1 12. Rxc1 Nd7 13. Qa3 Ne7 14. g3 Nf5
15. Bh3 Nb6 16. Bxf5 Nc4 17. Qc3 gxf5 18. Qxc4 fxe4 19. O-O e3 20. Qe2 exf2+
21. Qxf2 O-O-O 22. Kg2 Rd7 23. c3 Rh6 24. Qf4 Qxf4 1/2-1/2

[Event "DEM U10/U10w 2015"]
[Site "Willingen GER"]
[Date "2015.05.25"]
[Round "4"]
[White "Breß, Aaron"]
[Black "Kodalle, Dominik"]
[Result "0-1"]
[Termination "normal"]
[Board "6"]
[WhiteElo "1674"]
[BlackElo "1230"]
[WhiteClock "00:10:49"]
[BlackClock "00:15:12"]
[PlyCount "98"]
[WhiteFideId "12996432"]
[BlackFideId "16208722"]
[EventCountry "GER"]
[EventRounds "11"]
[EventType "swiss"]
[EventDate "2015.05.23"]

1. e4 e6 2. d4 d5 3. Nc3 Bb4 4. exd5 exd5 5. Nf3 Ne7 6. Bd3 O-O 7. O-O Nbc6 8.
a3 Ba5 9. h3 Bb6 10. Ne2 Bf5 11. Ng3 Bxd3 12. Qxd3 Ng6 13. Be3 h6 14. Rfe1 Re8
15. Rad1 Nf8 16. Qd2 Qd6 17. Nh2 Re6 18. Ng4 Rae8 19. c3 Nd7 20. Nf5 Qf8 21.
Rf1 Kh7 22. Qc2 Kg8 23. Qd2 Kh7 24. Qd3 Kg8 25. Qb5 a6 26. Qxd5 Nf6 27. Nxf6+
Rxf6 28. Ng3 Na5 29. b4 Nc6 30. Qb3 Rg6 31. Kh1 Kh8 32. c4 f5 33. Ne2 Rf6 34.
Nf4 Rf7 35. h4 Kh7 36. h5 Qe7 37. Ng6 Qf6 38. Kg1 Nxd4 39. Qd3 Nc6 40. c5 Ba7
41. Qb3 Qe6 42. Qxe6 Rxe6 43. Rd2 Ne5 44. Nxe5 Rxe5 45. Rd8 c6 46. Ra8 f4 47.
Bd4 Rd5 48. Rd1 b5 49. cxb6 Bxb6 0-1

[Event "DEM U10/U10w 2015"]
[Site "Willingen GER"]
[Date "2015.05.25"]
[Round "4"]
[White "Bui, Bao Anh Le"]
[Black "Laux, Dominik"]
[Result "1-0"]
[Termination "normal"]
[Board "7"]
[WhiteElo "1660"]
[BlackElo "1273"]
[WhiteClock "00:23:16"]
[BlackClock "00:54:10"]
[PlyCount "43"]
[WhiteFideId "12970719"]
[BlackFideId "12994219"]
[EventCountry "GER"]
[EventRounds "11"]
[EventType "swiss"]
[EventDate "2015.05.23"]

1. e4 c6 2. d4 d5 3. Nc3 dxe4 4. Nxe4 Bf5 5. Ng3 Bg6 6. h4 h6 7. h5 Bh7 8. Nf3
Nd7 9. Bd3 Bxd3 10. Qxd3 e6 11. Bd2 Ngf6 12. O-O-O Be7 13. Kb1 O-O 14. Ne4 Nxe4
15. Qxe4 Nf6 16. Qe2 Qd5 17. Be3 Nxh5 18. Ne5 Nf6 19. Rh3 Rad8 20. Rdh1 h5 21.
Rxh5 Nxh5 22. Qxh5 1-0

[Event "DEM U10/U10w 2015"]
[Site "Willingen GER"]
[Date "2015.05.25"]
[Round "4"]
[White "Deutsch, Christoph"]
[Black "Musiolik, David"]
[Result "1/2-1/2"]
[Termination "normal"]
[Board "8"]
[WhiteElo "1291"]
[BlackElo "1629"]
[WhiteClock "00:56:38"]
[BlackClock "00:36:22"]
[PlyCount "63"]
[WhiteFideId "16206878"]
[BlackFideId "12972355"]
[EventCountry "GER"]
[EventRounds "11"]
[EventType "swiss"]
[EventDate "2015.05.23"]

1. e4 e6 2. d4 d5 3. exd5 exd5 4. Bd3 Bd6 5. Nf3 Nf6 6. Bg5 O-O 7. O-O Bg4 8.
c3 c6 9. Nbd2 Nbd7 10. Qc2 Qc7 11. Rfe1 Rfe8 12. Bh4 Bh5 13. Bg3 Bxg3 14. hxg3
Bg6 15. Bxg6 hxg6 16. Rad1 Rad8 17. Kh1 Qb8 18. Kg1 Rxe1+ 19. Rxe1 Re8 20. Qb1
Qd8 21. Rxe8+ Qxe8 22. Qe1 Qxe1+ 23. Nxe1 Kf8 24. Kf1 Ke7 25. Ke2 b6 26. b3 Nh7
27. Nef3 f6 28. Ke3 Nhf8 29. Ne1 Ne6 30. Nd3 Nc7 31. a4 a5 32. Nf3 1/2-1/2

[Event "DEM U10/U10w 2015"]
[Site "Willingen GER"]
[Date "2015.05.25"]
[Round "4"]
[White "Bethke, Richard"]
[Black "Rempe, Jonas"]
[Result "1-0"]
[Termination "normal"]
[Board "9"]
[WhiteElo "1655"]
[BlackElo "1292"]
[PlyCount "57"]
[WhiteFideId "12959243"]
[BlackFideId "16202406"]
[EventCountry "GER"]
[EventRounds "11"]
[EventType "swiss"]
[EventDate "2015.05.23"]

1. e4 e6 2. d4 d5 3. exd5 exd5 4. c4 Bb4+ 5. Nc3 Nf6 6. Bg5 Nbd7 7. a3 Bxc3+ 8.
bxc3 h6 9. Bh4 g5 10. Bg3 Ne4 11. Qd3 Nxg3 12. Qxg3 Nf6 13. Be2 Be6 14. Qe5
dxc4 15. d5 O-O 16. dxe6 Re8 17. Bxc4 Kg7 18. Ne2 Qe7 19. O-O Qd6 20. Qxd6 cxd6
21. exf7 Re7 22. Nd4 Re5 23. Ne6+ Rxe6 24. Bxe6 Ne4 25. Rfe1 Nc5 26. Bd5 Rc8
27. Re8 Ne6 28. Bxe6 Rxe8 29. fxe8=Q 1-0

[Event "DEM U10/U10w 2015"]
[Site "Willingen GER"]
[Date "2015.05.25"]
[Round "4"]
[White "Henzgen, Nick"]
[Black "Haufe, Laurin"]
[Result "1/2-1/2"]
[Termination "normal"]
[Board "10"]
[WhiteElo "1269"]
[BlackElo "1575"]
[PlyCount "92"]
[WhiteFideId "16212347"]
[BlackFideId "12976504"]
[EventCountry "GER"]
[EventRounds "11"]
[EventType "swiss"]
[EventDate "2015.05.23"]

1. e4 c5 2. Nf3 d6 3. g3 Nc6 4. Bg2 g6 5. d3 Bg7 6. c3 e5 7. Be3 Nge7 8. Nbd2
O-O 9. O-O Rb8 10. Re1 b5 11. a3 Ba6 12. b4 cxb4 13. axb4 Qc8 14. Qb3 Ra8 15.
Ra3 Bb7 16. Qa2 a6 17. Nb3 Kh8 18. Bg5 f6 19. Be3 f5 20. Bg5 Qd7 21. Bxe7 Nxe7
22. exf5 Nxf5 23. Na5 Bxf3 24. Bxf3 Rab8 25. Bg2 Rb6 26. Nb3 Qc8 27. Nd2 Re8
28. Ne4 Re7 29. Ng5 Bf6 30. Ne4 Bg7 31. Bh3 Ra7 32. Ng5 Bf6 33. Nf3 Rc6 34. Rc1
Kg7 35. Bg2 Ne7 36. c4 bxc4 37. Rxc4 Rxc4 38. dxc4 Rc7 39. Rxa6 Rxc4 40. b5 Rb4
41. b6 Qb8 42. Qa5 Nc6 43. Qd5 Rxb6 44. Rxb6 Qxb6 45. Qxd6 Qb1+ 46. Bf1 Qc1
1/2-1/2

[Event "DEM U10/U10w 2015"]
[Site "Willingen GER"]
[Date "2015.05.25"]
[Round "4"]
[White "Dietz, Kristin"]
[Black "Ziegenfuß, Antonia"]
[Result "0-1"]
[Termination "normal"]
[Board "11"]
[WhiteElo "1249"]
[BlackElo "1627"]
[PlyCount "66"]
[WhiteFideId "12993743"]
[BlackFideId "12962554"]
[EventCountry "GER"]
[EventRounds "11"]
[EventType "swiss"]
[EventDate "2015.05.23"]

1. e4 e5 2. Nf3 Nc6 3. Bb5 f5 4. Nc3 fxe4 5. Nxe4 d5 6. Ng3 e4 7. Ne5 Qf6 8.
Ng4 Qg5 9. h3 Bxg4 10. Qxg4 Qxg4 11. hxg4 Bd6 12. Nf5 g6 13. Nd4 Nge7 14. b3
Be5 15. Bb2 a6 16. Bxc6+ Nxc6 17. c3 Bxd4 18. cxd4 Nb4 19. O-O Nd3 20. Bc3
O-O-O 21. a4 h5 22. g5 Rdf8 23. b4 b6 24. b5 a5 25. Ra2 Rf5 26. g3 Rxg5 27. Kg2
Rf5 28. Raa1 h4 29. g4 h3+ 30. Kh2 Rxf2+ 31. Rxf2 Nxf2 32. Rg1 g5 33. Rg3 Rh4
0-1

[Event "DEM U10/U10w 2015"]
[Site "Willingen GER"]
[Date "2015.05.25"]
[Round "4"]
[White "Stockmann, Till"]
[Black "Rockmann, Enno"]
[Result "1-0"]
[Termination "normal"]
[Board "12"]
[WhiteElo "1442"]
[BlackElo "1269"]
[PlyCount "91"]
[WhiteFideId "12979341"]
[BlackFideId "12982920"]
[EventCountry "GER"]
[EventRounds "11"]
[EventType "swiss"]
[EventDate "2015.05.23"]

1. e4 e5 2. Nf3 Nc6 3. Bc4 Bc5 4. d3 Nge7 5. O-O d6 6. c3 Bb6 7. Nbd2 O-O 8.
Bb3 Kh8 9. Nc4 f5 10. Nxb6 axb6 11. Re1 fxe4 12. Rxe4 d5 13. Re1 Ng6 14. Bg5
Qd6 15. h3 h6 16. Bd2 d4 17. Qe2 Qf6 18. Rf1 Bxh3 19. Nxd4 Bxg2 20. Kxg2 exd4
21. Rh1 dxc3 22. Bxc3 Qxc3 23. bxc3 Nf4+ 24. Kf1 Nxe2 25. Kxe2 Rae8+ 26. Kf1
Ne5 27. Rd1 Ng4 28. Rd2 Ne3+ 29. Kg1 Ng4 30. Kg2 g6 31. Bd1 Ne5 32. Rxh6+ Kg7
33. Rh3 g5 34. Rg3 Kf6 35. Bb3 g4 36. Rd1 Kg5 37. Bd5 c5 38. Be4 Nc4 39. Kg1
Nd6 40. f3 Nxe4 41. Rxg4+ Kh5 42. Rxe4 Ra8 43. Kg2 Rxa2+ 44. Kg3 Rc2 45. Rg4
Rxc3 46. Rh1# 1-0

[Event "DEM U10/U10w 2015"]
[Site "Willingen GER"]
[Date "2015.05.25"]
[Round "4"]
[White "Farokhi, Keyvan"]
[Black "Simukov, Erik"]
[Result "0-1"]
[Termination "normal"]
[Board "13"]
[WhiteElo "1262"]
[BlackElo "1515"]
[PlyCount "82"]
[WhiteFideId "12998630"]
[BlackFideId "12995380"]
[EventCountry "GER"]
[EventRounds "11"]
[EventType "swiss"]
[EventDate "2015.05.23"]

1. e4 e5 2. Nf3 Nc6 3. Bc4 Bc5 4. b4 Bxb4 5. c3 Be7 6. d4 Na5 7. Bd3 c6 8. O-O
exd4 9. cxd4 Nf6 10. Bg5 O-O 11. Qd2 Re8 12. e5 Nd5 13. Bxe7 Nxe7 14. Re1 b6
15. Qc2 h6 16. Re4 Nb7 17. Rg4 d6 18. Rg3 dxe5 19. Nxe5 Qxd4 20. Bh7+ Kf8 21.
Qb3 Qxe5 22. Nc3 Nf5 23. f4 Qc5+ 24. Kh1 Nxg3+ 25. hxg3 Be6 26. Qb2 Bf5 27.
Bxf5 Qxf5 28. Qb4+ Qc5 29. Qb3 Na5 30. Qc2 Re3 31. Rc1 Rae8 32. Qd2 Nc4 33. Qd7
Re1+ 34. Rxe1 Rxe1+ 35. Kh2 Qh5+ 36. Qh3 Qxh3+ 37. Kxh3 h5 38. g4 Re3+ 39. Kh4
Rxc3 40. Kxh5 Ne3 41. g3 Ng2 0-1

[Event "DEM U10/U10w 2015"]
[Site "Willingen GER"]
[Date "2015.05.25"]
[Round "4"]
[White "Marschall, Tillmann"]
[Black "Stahnecker, Hagen"]
[Result "1-0"]
[Termination "normal"]
[Board "14"]
[WhiteElo "1423"]
[BlackElo "1257"]
[PlyCount "59"]
[WhiteFideId "12973220"]
[BlackFideId "16225422"]
[EventCountry "GER"]
[EventRounds "11"]
[EventType "swiss"]
[EventDate "2015.05.23"]

1. e4 e5 2. Nf3 Nc6 3. Bb5 a6 4. Ba4 Nf6 5. O-O Be7 6. Re1 d6 7. c3 b5 8. Bb3
O-O 9. d3 Na5 10. Bc2 c5 11. Be3 Nc6 12. Nbd2 Bg4 13. a4 Qc7 14. Qe2 Rfd8 15.
Bg5 d5 16. Bxf6 Bxf6 17. exd5 Rxd5 18. axb5 Nb8 19. Ne4 Be7 20. Bb3 Rd8 21.
Bxf7+ Kh8 22. bxa6 Nxa6 23. Bc4 Qb6 24. h3 Bh5 25. g4 Be8 26. Nxe5 Bf6 27. Nxf6
Qxf6 28. Qf3 Qxf3 29. Nxf3 Bg6 30. Rxa6 1-0

[Event "DEM U10/U10w 2015"]
[Site "Willingen GER"]
[Date "2015.05.25"]
[Round "4"]
[White "Schmidt, Pauline"]
[Black "Lohvinov, Petro"]
[Result "0-1"]
[Termination "normal"]
[Board "15"]
[WhiteElo "1184"]
[BlackElo "1418"]
[PlyCount "44"]
[WhiteFideId "16209850"]
[BlackFideId "14176661"]
[EventCountry "GER"]
[EventRounds "11"]
[EventType "swiss"]
[EventDate "2015.05.23"]

1. e4 e5 2. Nf3 Nc6 3. Bc4 Nf6 4. Nc3 Nxe4 5. Nxe4 d5 6. Bd3 dxe4 7. Bxe4 Bd6
8. O-O O-O 9. d4 exd4 10. Nxd4 Nxd4 11. Qxd4 Bxh2+ 12. Kxh2 Qxd4 13. Bf3 Qf6
14. Kg1 c6 15. Re1 Bf5 16. c3 Rfe8 17. Bd2 Rad8 18. b4 Rxe1+ 19. Bxe1 Bh3 20.
gxh3 Qxf3 21. Rb1 Qxh3 22. f3 Qxf3 0-1

[Event "DEM U10/U10w 2015"]
[Site "Willingen GER"]
[Date "2015.05.25"]
[Round "4"]
[White "Kosev, Momchil"]
[Black "Gericke, Luis"]
[Result "1-0"]
[Termination "normal"]
[Board "16"]
[WhiteElo "1391"]
[BlackElo "1220"]
[PlyCount "97"]
[WhiteFideId "12975982"]
[BlackFideId "16212525"]
[EventCountry "GER"]
[EventRounds "11"]
[EventType "swiss"]
[EventDate "2015.05.23"]

1. d4 d5 2. g3 Nf6 3. Bg2 Bf5 4. c4 c6 5. Nc3 e6 6. Nf3 dxc4 7. Ne5 Be7 8. O-O
O-O 9. Nxc4 Nbd7 10. e4 Bg6 11. a3 Rc8 12. Be3 Re8 13. h3 b5 14. Nd2 Nb6 15. f4
h6 16. g4 Nfd7 17. b4 Qc7 18. Rc1 a6 19. Qe1 Kh8 20. Qf2 f5 21. e5 fxg4 22.
hxg4 Bd3 23. Rfd1 Bc4 24. Be4 Nd5 25. Nxd5 cxd5 26. Bg6 Rg8 27. Bf7 Rgf8 28.
Bxe6 Qc6 29. Bf5 g6 30. Bb1 Qe6 31. f5 gxf5 32. Bxf5 Qc6 33. Qh2 Rf7 34. e6
Rxf5 35. Qxh6+ Kg8 36. Qg6+ Kh8 37. exd7 Qxg6 38. dxc8=Q+ Kh7 39. Qxf5 Qxf5 40.
gxf5 Kg7 41. Nxc4 dxc4 42. d5 Kf6 43. d6 Bd8 44. Ba7 Kxf5 45. Re1 Kf6 46. Rc3
Kf7 47. Rf3+ Kg7 48. Re4 Kh8 49. Rg4 1-0

[Event "DEM U10/U10w 2015"]
[Site "Willingen GER"]
[Date "2015.05.25"]
[Round "4"]
[White "Hetzner, Hannes"]
[Black "Rashba, David"]
[Result "1-0"]
[Termination "normal"]
[Board "17"]
[WhiteElo "1361"]
[BlackElo "1130"]
[PlyCount "107"]
[WhiteFideId "16211936"]
[BlackFideId "16205499"]
[EventCountry "GER"]
[EventRounds "11"]
[EventType "swiss"]
[EventDate "2015.05.23"]

1. e4 e5 2. f4 Bc5 3. Nf3 d6 4. Bc4 h6 5. c3 Nc6 6. d4 exd4 7. cxd4 Bb4+ 8. Bd2
Bxd2+ 9. Qxd2 Bg4 10. O-O Nf6 11. Nc3 O-O 12. Rad1 Re8 13. e5 dxe5 14. fxe5 Nd7
15. Qf4 Bxf3 16. Qxf7+ Kh8 17. Qxf3 Rf8 18. Qe3 Nb6 19. Bb3 Na5 20. Ne2 Nxb3
21. Qxb3 Rxf1+ 22. Rxf1 Qg8 23. Qxg8+ Kxg8 24. Nc3 a6 25. Rf3 Rf8 26. Kf2 Rxf3+
27. Kxf3 Kf7 28. Ke4 c6 29. Kf5 g6+ 30. Kf4 Ke6 31. h4 Nd7 32. g4 Nb6 33. g5 h5
34. Ke4 Nd5 35. a3 Nb6 36. Ne2 Kf7 37. Nf4 Nc8 38. e6+ Kg7 39. Ke5 a5 40. a4
Kh7 41. Kf6 b5 42. axb5 cxb5 43. e7 Nxe7 44. Kxe7 a4 45. Nd3 Kg7 46. d5 b4 47.
Nxb4 a3 48. bxa3 Kh7 49. d6 Kg7 50. d7 Kh8 51. Kf7 Kh7 52. Nd5 Kh8 53. d8=R+
Kh7 54. Nf6# 1-0

[Event "DEM U10/U10w 2015"]
[Site "Willingen GER"]
[Date "2015.05.25"]
[Round "4"]
[White "Toval, David"]
[Black "Butenandt, Svenja"]
[Result "1-0"]
[Termination "normal"]
[Board "18"]
[WhiteElo "1528"]
[BlackElo "1342"]
[PlyCount "43"]
[WhiteFideId "12992755"]
[BlackFideId "12993859"]
[EventCountry "GER"]
[EventRounds "11"]
[EventType "swiss"]
[EventDate "2015.05.23"]

1. e4 c5 2. c3 d5 3. exd5 Qxd5 4. d4 Nc6 5. Nf3 Bf5 6. Be3 cxd4 7. cxd4 Nf6 8.
Nc3 Qd7 9. d5 Nxd5 10. Qxd5 Qxd5 11. Nxd5 Rc8 12. Bb5 g6 13. Bd4 f6 14. O-O a6
15. Bxc6+ Rxc6 16. Rfe1 Bg4 17. Nxf6+ Rxf6 18. Bxf6 Rg8 19. Ne5 Bf5 20. Bg5 Bg7
21. Nc4 b5 22. Rad1 1-0

[Event "DEM U10/U10w 2015"]
[Site "Willingen GER"]
[Date "2015.05.25"]
[Round "4"]
[White "Schupfer, Michael"]
[Black "Zeuner, Ole"]
[Result "0-1"]
[Termination "normal"]
[Board "19"]
[WhiteElo "1173"]
[BlackElo "1484"]
[PlyCount "120"]
[BlackFideId "12943576"]
[EventCountry "GER"]
[EventRounds "11"]
[EventType "swiss"]
[EventDate "2015.05.23"]

1. e4 c5 2. Nf3 Nc6 3. Bc4 e6 4. Nc3 Nf6 5. d3 d5 6. exd5 exd5 7. Qe2+ Be7 8.
Bb3 O-O 9. O-O Bg4 10. Qd1 Nd4 11. h3 Nxf3+ 12. gxf3 Bxh3 13. Re1 Be6 14. a3
Bd6 15. Kf1 Bh3+ 16. Ke2 Re8+ 17. Be3 d4 18. Kd2 dxe3+ 19. fxe3 a6 20. Qe2 b5
21. Nd5 Nxd5 22. Bxd5 Rb8 23. Rh1 Bd7 24. f4 Bxf4 25. Bxf7+ Kxf7 26. Qh5+ Kf8
27. Raf1 h6 28. Rxf4+ Kg8 29. Rg1 Qe7 30. Rg3 Qe6 31. Re4 Qf5 32. Qh2 Rxe4 33.
dxe4 Qxe4 34. Qxh6 Qe5 35. Rg5 Qe7 36. Rg2 Rd8 37. Ke2 Be6 38. Qg6 Bc4+ 39. Kf2
Rd2+ 40. Kf3 Bd5+ 41. e4 Rxg2 42. Qf5 Bxe4+ 43. Qxe4 Qxe4+ 44. Kxe4 Rf2 45. Kd5
c4 46. b3 Rxc2 47. bxc4 Rxc4 48. a4 g5 49. axb5 axb5 50. Ke5 g4 51. Kf5 g3 52.
Ke5 g2 53. Kd5 g1=Q 54. Ke5 Qd4+ 55. Ke6 Rc6+ 56. Kf5 Rc5+ 57. Ke6 Qd5+ 58. Ke7
Qe5+ 59. Kd8 Qd6+ 60. Ke8 Rc8# 0-1

[Event "DEM U10/U10w 2015"]
[Site "Willingen GER"]
[Date "2015.05.25"]
[Round "4"]
[White "Zwecker, Hagen"]
[Black "Lutz, Adam"]
[Result "0-1"]
[Termination "normal"]
[Board "20"]
[WhiteElo "1145"]
[BlackElo "1481"]
[PlyCount "84"]
[WhiteFideId "12991007"]
[BlackFideId "16226615"]
[EventCountry "GER"]
[EventRounds "11"]
[EventType "swiss"]
[EventDate "2015.05.23"]

1. e4 c5 2. Nf3 e6 3. d3 d6 4. g3 Nc6 5. Bg2 Nf6 6. O-O Be7 7. Nc3 O-O 8. Re1
Qc7 9. b3 a6 10. Bb2 b5 11. Ne2 Bb7 12. Qd2 Rfd8 13. Nf4 Rac8 14. e5 dxe5 15.
Nxe5 Nxe5 16. Bxe5 Qb6 17. Bb2 Bxg2 18. Nxg2 c4 19. d4 Nd5 20. Qd1 Bf6 21. Ne3
c3 22. Bc1 Bxd4 23. Nxd5 Bxf2+ 24. Kf1 Rxd5 25. Qe2 Bxe1 26. Qxe1 Rf5+ 27. Kg2
Qc6+ 28. Kg1 Qf3 29. Ba3 h5 30. Rd1 Rg5 31. Rd3 Qg4 32. Bc1 Rg6 33. Qf2 h4 34.
Kh1 hxg3 35. hxg3 Rf6 36. Qg2 Qf5 37. Kg1 Qe5 38. Bf4 Qe1+ 39. Kh2 Rf5 40. Qh3
Qe2+ 41. Kg1 Rh5 42. Qg2 Qe1+ 0-1

[Event "DEM U10/U10w 2015"]
[Site "Willingen GER"]
[Date "2015.05.25"]
[Round "4"]
[White "Baltic, Sara"]
[Black "Jahrke, Jonas"]
[Result "0-1"]
[Termination "normal"]
[Board "21"]
[WhiteElo "1129"]
[BlackElo "1372"]
[PlyCount "114"]
[WhiteFideId "16210409"]
[BlackFideId "12984353"]
[EventCountry "GER"]
[EventRounds "11"]
[EventType "swiss"]
[EventDate "2015.05.23"]

1. e4 c5 2. Nc3 e6 3. Nf3 a6 4. d4 cxd4 5. Nxd4 Qc7 6. g3 b5 7. a3 Bb7 8. Bg2
Nf6 9. O-O d6 10. Be3 Be7 11. f4 Nbd7 12. Kh1 O-O 13. g4 Nb6 14. b3 Qxc3 15.
Qd2 Qxd2 16. Bxd2 Nxe4 17. Bc1 Nc5 18. Be3 Bxg2+ 19. Kxg2 Nd5 20. Rfe1 Nxe3+
21. Rxe3 Bf6 22. c3 Bxd4 23. cxd4 Nd7 24. Rc1 Rac8 25. Rec3 Rxc3 26. Rxc3 e5
27. Rc7 Rd8 28. Rc6 Nb8 29. Rc2 exf4 30. h4 h6 31. g5 hxg5 32. hxg5 Kh7 33. Kf3
Nd7 34. Kxf4 f6 35. Re2 fxg5+ 36. Kxg5 Nf6 37. b4 Re8 38. Rh2+ Kg8 39. Kg6 Re6
40. Kf5 Kf7 41. Rf2 g6+ 42. Kg5 Ke7 43. Rf3 Ne4+ 44. Kh6 g5+ 45. Kg7 Rf6 46.
Rh3 g4 47. Rh4 Rf7+ 48. Kg6 Rf6+ 49. Kg7 Nf2 50. Kg8 g3 51. Rh7+ Ke6 52. Rg7
Rf3 53. Rg5 Ne4 54. d5+ Kf6 55. Rg7 Rf2 56. Kh7 Ng5+ 57. Kh6 Rh2# 0-1

[Event "DEM U10/U10w 2015"]
[Site "Willingen GER"]
[Date "2015.05.25"]
[Round "4"]
[White "Mailitis, Ricardo"]
[Black "Nguyen, Phuong Thao Vivien"]
[Result "0-1"]
[Termination "normal"]
[Board "22"]
[WhiteElo "1370"]
[BlackElo "1195"]
[PlyCount "128"]
[WhiteFideId "12977535"]
[BlackFideId "16210735"]
[EventCountry "GER"]
[EventRounds "11"]
[EventType "swiss"]
[EventDate "2015.05.23"]

1. e4 c5 2. Nf3 d6 3. c4 e5 4. Nc3 g6 5. d3 Bg7 6. Be2 Ne7 7. Bg5 O-O 8. Qd2 f5
9. Nd5 Nbc6 10. O-O Be6 11. Nc3 Rf7 12. Nb5 a6 13. Nc3 Qd7 14. Bd1 Nd4 15. Bxe7
Qxe7 16. Ng5 Rff8 17. Nxe6 Qxe6 18. Nd5 Rf7 19. Qa5 Qe8 20. Qb6 Qc6 21. Qxc6
Nxc6 22. exf5 Rxf5 23. Ba4 Re8 24. Rae1 Kf7 25. Nc3 Ke6 26. Ne4 Ref8 27. Re3
Nd4 28. Bd1 h5 29. g4 Rf4 30. Ng5+ Ke7 31. f3 Bh6 32. Ne4 Rxg4+ 33. fxg4 Bxe3+
34. Nf2 hxg4 35. Bxg4 b6 36. Kg2 Bxf2 37. Rxf2 Rxf2+ 38. Kxf2 Kf6 39. Bd1 Kg5
40. Kg2 Kf4 41. Kf2 g5 42. h3 a5 43. a4 e4 44. dxe4 Kxe4 45. Kg3 Kf5 46. Bf3
Nxf3 47. Kxf3 Ke5 48. Ke3 d5 49. cxd5 Kxd5 50. Kf3 Kc4 51. Kg4 Kb3 52. Kxg5
Kxb2 53. Kg6 c4 54. h4 c3 55. h5 c2 56. h6 c1=Q 57. h7 Qc2+ 58. Kg7 Qxh7+ 59.
Kxh7 Ka3 60. Kg6 Kxa4 61. Kf5 Kb3 62. Ke4 a4 63. Kd3 a3 64. Kd2 a2 0-1

[Event "DEM U10/U10w 2015"]
[Site "Willingen GER"]
[Date "2015.05.25"]
[Round "4"]
[White "Reuter, Elisa"]
[Black "Kruse, Kilian"]
[Result "0-1"]
[Termination "normal"]
[Board "23"]
[WhiteElo "1133"]
[BlackElo "1346"]
[PlyCount "116"]
[WhiteFideId "12995444"]
[BlackFideId "16205413"]
[EventCountry "GER"]
[EventRounds "11"]
[EventType "swiss"]
[EventDate "2015.05.23"]

1. e4 e5 2. Nf3 Nc6 3. d4 exd4 4. Nxd4 Qh4 5. Nc3 Bb4 6. Ndb5 Qxe4+ 7. Qe2
Qxe2+ 8. Bxe2 Kd8 9. O-O a6 10. Na3 Bxc3 11. bxc3 d6 12. Bc4 Be6 13. Re1 Bxc4
14. Nxc4 Nge7 15. Bf4 b5 16. Nd2 Nd5 17. Bg3 Nxc3 18. Nf3 h6 19. Re3 Na4 20. h3
Nc5 21. Rd1 Kd7 22. Nh4 f6 23. Nf5 g6 24. Nh4 Rhg8 25. Bh2 b4 26. Rf3 f5 27.
Re3 Rae8 28. Rxe8 Kxe8 29. Re1+ Kd7 30. Rd1 Ne4 31. f3 Nc3 32. Ra1 Nd4 33. Kf2
g5 34. Nxf5 Nxf5 35. a3 a5 36. axb4 axb4 37. g4 Nd4 38. Rc1 Re8 39. Re1 Rxe1
40. Kxe1 Nxf3+ 41. Kf2 Nxh2 42. Kg2 Ne2 43. Kxh2 Nd4 44. Kg2 Nxc2 45. Kf2 b3
46. Ke2 b2 47. Kd2 b1=Q 48. Kc3 Kc6 49. Kc4 Na3+ 50. Kc3 Kc5 51. Kd2 Kd4 52.
Ke2 Qc2+ 53. Kf3 Qc3+ 54. Kg2 Ke3 55. Kg1 Kf3 56. h4 Qe1+ 57. Kh2 Qe2+ 58. Kg1
Qg2# 0-1